Statistics for 7 Continents of the World

Click here to take the quiz!

General Stats

  • This quiz has been taken 24 times
  • The average score is 6 of 7

Answer Stats

#Answer% Correct
7Africa
96%
6Asia
96%
1North America
96%
2South America
96%
5Europe
91%
3Antarctica
78%
4Austrailia
22%

Score Distribution

Percentile by Number Answered

Percent of People with Each Score

Your Score History

You have not taken this quiz